Μετάβαση στο περιεχόμενο

Глобальная экология - экономика и финансы Монография

В монографии представлены основные методологические принципы используемые в практике регулирования экономических субъектов с окружающей их глобальной природной средой. Характеризуются методы управления компаниями территориальными экономическими образованиями в специфических условиях глобальных измен...

Πλήρης περιγραφή

Αποθηκεύτηκε σε:
Λεπτομέρειες βιβλιογραφικής εγγραφής
Κύριος συγγραφέας: Пищулов В.М
Μορφή: Монография
Έκδοση:2
Σειρά:Научная мысль
Διαθέσιμο Online:https://znanium.com/catalog/document?id=422780
https://znanium.com/cover/1938/1938021.jpg
Ετικέτες: Προσθήκη ετικέτας
Δεν υπάρχουν, Καταχωρήστε ετικέτα πρώτοι!
LEADER 03110nam0a2200325 i 4500
001 RU\infra-m\znanium\bibl\1938021
003 https://znanium.com/catalog/document?id=422780
005 20231114000000.0
010 |a 978-5-16-016616-2 
010 |a 978-5-16-109198-2  |b электр. издание 
100 |a 20231114d2022 m y0rusy0150 ca 
101 0 |a rus 
102 |a RU 
200 1 |a Глобальная экология - экономика и финансы  |e Монография  |f Уральский государственный экономический университет 
205 |a 2  |b испр. 
210 1 |a Москва  |c ООО "Научно-издательский центр ИНФРА-М"  |d 2023 
215 |a 325 с. 
225 1 |a Научная мысль 
330 |a В монографии представлены основные методологические принципы используемые в практике регулирования экономических субъектов с окружающей их глобальной природной средой. Характеризуются методы управления компаниями территориальными экономическими образованиями в специфических условиях глобальных изменений окружающей природной среды в основу которых положен принцип устойчивого развития. Поднимается проблема формирования системы понятий используемых в исследованиях связанных с проблемами глобальной экологии. Предназначена для специалистов работающих в области экономических проблем глобальной экологии практиков занятых проблемами экономики природопользования научных работников преподавателей аспирантов студентов. 
333 |a Дополнительное профессиональное образование 
606 |a Науки о Земле. Экология  |x Экология и экономика природопользования  |2 local 
608 |a Монография  |2 local 
675 |a 330+336+504.06(075.4)  |z rus 
686 |a 65:28.08  |2 rubbk 
686 |a 05.04.06  |2 okso 
686 |a 38.04.01  |2 okso 
700 1 |a Пищулов  |b В.М.  |g Виктор Михайлович  |p Уральский государственный экономический университет 
801 0 |a RU  |b Общество с ограниченной ответственностью «ЗНАНИУМ»  |c 20221130  |2 rusmarc 
856 4 |a znanium.com  |m ebs_support@infra-m.ru  |n НИЦ ИНФРА-М  |u https://znanium.com/catalog/document?id=422780 
856 4 1 |a znanium.com  |d /cover/1938  |f 1938021.jpg  |q image/jpeg  |u https://znanium.com/cover/1938/1938021.jpg